| 000 | 00509nam a22001577a 4500 | ||
|---|---|---|---|
| 999 |
_c529013 _d529013 |
||
| 082 | _a658.3 | ||
| 100 | _aKhan, Ayesha | ||
| 245 |
_aFactors Affecting the Trend of Technological Facilities in Public and Private School in Islamabad : _bA Comparative Study / |
||
| 260 |
_aIslamabad: _bNBS - NUST, _c2016. |
||
| 300 | _c30cm. | ||
| 942 |
_2ddc _cTHE |
||
| 650 |
_aMBA-Thesis. _917629 |
||
| 700 |
_aDr. Faisal Asghar Imam _917787 |
||